| 000 | 00805nam a22002657a 4500 | ||
|---|---|---|---|
| 999 |
_c200448543 _d66755 |
||
| 003 | TR-AnTOB | ||
| 005 | 20230809001356.0 | ||
| 007 | ta | ||
| 008 | 220413s2015 tu |||g |||| 000 0 tur d | ||
| 040 |
_aTR-AnTOB _beng _erda _cTR-AnTOB |
||
| 041 | _atur | ||
| 050 | 4 | _aHC492 | |
| 090 |
_aHC492 _b.C67 2015 |
||
| 999 | _aSA 13.04.2022 | ||
| 100 | 1 |
_aCoşkun, Ali, _d1939- _eauthor _9128671 |
|
| 245 | 1 | 0 |
_aGörüşlerimiz : _bYayımlanmış makaleler / _cAli Coşkun ; editör Erdoğan Tozoğlu. |
| 250 | _a1. Baskı | ||
| 264 | 1 |
_aAnkara : _bİDV - İş Dünyası Vakfı, _c2015. |
|
| 300 |
_a204 pages ; _c24 cm |
||
| 336 |
_atext _btxt _2rdacontent |
||
| 337 |
_aunmediated _bn _2rdamedia |
||
| 338 |
_avolume _bnc _2rdacarrier |
||
| 651 | 7 |
_aTürkiye _xEkonomi politikası _2 _911070 |
|
| 942 |
_2lcc _cBK |
||